=LDR 00000nam 2200000 4500 =001 INLIS000000000025762 =005 20130612124240 =008 ***********************************Ind** =035 ##$$0010-061300000025762 =041 ##$$a Ind =082 ##$$a 616.61 =090 ##$$a 616.61, Mur r =100 ##$$a Mursito, Bambang =245 ##$$a Ramuan tradisional untuk gangguan ginjal, Bambang Mursito =260 ##$$a 2001 $b Jakarta =300 ##$$a viii, 80 hlm, ilus, 21 cm =650 ##$$a Ginjal - Tradisional =850 ##$$a NBPNMAT =990 ##$$a 10408212 =990 ##$$a 10408213 =990 ##$$a 10408214 =990 ##$$a 10408215 =990 ##$$a 00056566